Hoenn Pokedex Quiz - Statistics

General Stats
  • This quiz has been taken 451 times
  • The average score is 135 of 211
Answer Stats
Dex # Pokemon Type % Correct
1 Treecko Grass
97%
4 Torchic Fire
96%
6 Blaziken Fire/Fighting
94%
5 Combusken Fire/Fighting
94%
7 Mudkip Water
94%
3 Sceptile Grass
93%
2 Grovyle Grass
92%
9 Swampert Water/Ground
92%
8 Marshtomp Water/Ground
88%
29 Ralts Psychic/Fairy
87%
17 Cascoon Bug
86%
31 Gardevoir Psychic/Fairy
86%
30 Kirlia Psychic/Fairy
86%
14 Wurmple Bug
86%
12 Zigzagoon Normal
86%
11 Mightyena Dark
85%
28 Pelipper Water/Flying
85%
10 Poochyena Dark
85%
16 Beautifly Bug/Flying
84%
15 Silcoon Bug
84%
25 Taillow Normal/Flying
84%
27 Wingull Water/Flying
84%
18 Dustox Bug/Poison
83%
13 Linoone Normal
83%
19 Lotad Water/Grass
83%
21 Ludicolo Water/Grass
83%
26 Swellow Normal/Flying
83%
208 Groudon Ground
82%
20 Lombre Water/Grass
82%
207 Kyogre Water
81%
209 Rayquaza Dragon/Flying
81%
24 Shiftry Grass/Dark
80%
23 Nuzleaf Grass/Dark
79%
22 Seedot Grass
79%
39 Slaking Normal
79%
107 Camerupt Fire/Ground
77%
204 Registeel Steel
77%
80 Electrike Electric
76%
43 Nincada Bug/Ground
76%
44 Ninjask Bug/Flying
76%
106 Numel Fire/Ground
76%
203 Regice Ice
76%
202 Regirock Rock
76%
37 Slakoth Normal
76%
131 Solrock Rock/Psychic
76%
74 Aggron Steel/Rock
75%
127 Altaria Dragon/Flying
75%
72 Aron Steel/Rock
75%
130 Lunatone Rock/Psychic
75%
198 Salamence Dragon/Flying
75%
196 Bagon Dragon
74%
123 Flygon Ground/Dragon
74%
73 Lairon Steel/Rock
74%
49 Makuhita Fighting
74%
45 Shedinja Bug/Ghost
74%
33 Surskit Bug/Water
74%
126 Swablu Normal/Flying
74%
36 Breloom Grass/Fighting
73%
81 Manectric Electric
73%
201 Metagross Steel/Psychic
73%
35 Shroomish Grass
73%
38 Vigoroth Normal
73%
211 Deoxys Psychic
72%
50 Hariyama Fighting
72%
200 Metang Steel/Psychic
72%
197 Shelgon Dragon
72%
48 Exploud Normal
71%
120 Skarmory Steel/Flying
71%
121 Trapinch Ground
71%
199 Beldum Steel/Psychic
70%
210 Jirachi Steel/Psychic
70%
85 Magneton Electric/Steel
70%
34 Masquerain Bug/Flying
70%
79 Medicham Fighting/Psychic
70%
78 Meditite Fighting/Psychic
70%
103 Sharpedo Water/Dark
70%
205 Latias Dragon/Psychic
69%
206 Latios Dragon/Psychic
69%
47 Loudred Normal
69%
84 Magnemite Electric/Steel
69%
122 Vibrava Ground/Dragon
69%
46 Whismur Normal
69%
77 Machamp Fighting
68%
53 Magikarp Water
68%
110 Torkoal Fire
68%
156 Tropius Grass/Flying
68%
58 Geodude Rock/Ground
67%
76 Machoke Fighting
67%
40 Abra Psychic
66%
32 Gallade Psychic/Fighting
66%
60 Golem Rock/Ground
66%
54 Gyarados Water/Flying
66%
41 Kadabra Psychic
66%
75 Machop Fighting
66%
42 Alakazam Psychic
65%
154 Dusclops Ghost
65%
153 Duskull Ghost
65%
59 Graveler Rock/Ground
65%
129 Seviper Poison
65%
108 Slugma Fire
65%
68 Tentacool Water/Poison
65%
69 Tentacruel Water/Poison
65%
105 Wailord Water
65%
55 Azurill Normal/Fairy
64%
83 Minun Electric
64%
82 Plusle Electric
64%
104 Wailmer Water
64%
65 Zubat Poison/Flying
64%
152 Banette Ghost
63%
102 Carvanha Water/Dark
63%
180 Glalie Ice
63%
66 Golbat Poison/Flying
63%
71 Mawile Steel/Fairy
63%
61 Nosepass Rock
63%
137 Claydol Ground/Psychic
62%
145 Feebas Water
62%
86 Magnezone Electric/Steel
62%
56 Marill Water/Fairy
62%
146 Milotic Water
62%
151 Shuppet Ghost
62%
182 Spheal Ice/Water
62%
184 Walrein Ice/Water
62%
57 Azumarill Water/Fairy
61%
139 Cradily Rock/Grass
61%
67 Crobat Poison/Flying
61%
109 Magcargo Fire/Rock
61%
163 Pikachu Electric
61%
179 Snorunt Ice
61%
119 Spinda Normal
61%
136 Baltoy Ground/Psychic
60%
124 Cacnea Grass
60%
70 Sableye Dark/Ghost
60%
183 Sealeo Ice/Water
60%
128 Zangoose Normal
60%
125 Cacturne Grass/Dark
59%
92 Gloom Grass/Poison
59%
164 Raichu Electric
59%
188 Relicanth Water/Rock
59%
140 Anorith Rock/Bug
58%
141 Armaldo Rock/Bug
58%
138 Lileep Rock/Grass
58%
91 Oddish Grass/Poison
58%
93 Vileplume Grass/Poison
58%
88 Electrode Electric
57%
193 Horsea Water
57%
87 Voltorb Electric
57%
159 Absol Dark
56%
195 Kingdra Water/Dragon
56%
133 Whiscash Water/Ground
56%
132 Barboach Water/Ground
55%
113 Koffing Poison
54%
162 Pichu Electric
54%
194 Seadra Water
54%
89 Volbeat Bug
54%
114 Weezing Poison
54%
64 Delcatty Normal
53%
90 Illumise Bug
53%
143 Jigglypuff Normal/Fairy
53%
191 Lanturn Water/Electric
53%
112 Muk Poison
53%
98 Roselia Grass/Poison
53%
63 Skitty Normal
53%
155 Dusknoir Ghost
52%
115 Spoink Psychic
52%
185 Clamperl Water
51%
181 Froslass Ice/Ghost
51%
116 Grumpig Psychic
51%
144 Wigglytuff Normal/Fairy
51%
134 Corphish Water
50%
135 Crawdaunt Water/Dark
50%
111 Grimer Poison
50%
62 Probopass Rock/Steel
50%
190 Chinchou Water/Electric
49%
118 Sandslash Ground
49%
94 Bellossom Grass
48%
147 Castform Normal
48%
187 Gorebyss Water
48%
100 Gulpin Poison
48%
175 Heracross Bug/Fighting
48%
186 Huntail Water
48%
142 Igglybuff Normal/Fairy
48%
161 Ninetales Fire
48%
101 Swalot Poison
48%
160 Vulpix Fire
48%
117 Sandshrew Ground
47%
51 Goldeen Water
46%
192 Luvdisc Water
46%
169 Natu Psychic/Flying
46%
52 Seaking Water
46%
170 Xatu Psychic/Flying
46%
150 Kecleon Normal
45%
99 Roserade Grass/Poison
44%
97 Budew Grass/Poison
43%
158 Chimecho Psychic
42%
149 Starmie Water/Psychic
42%
148 Staryu Water
42%
174 Pinsir Bug
40%
176 Rhyhorn Ground/Rock
40%
171 Girafarig Normal/Psychic
39%
177 Rhydon Ground/Rock
39%
165 Psyduck Water
38%
167 Wynaut Psychic
38%
166 Golduck Water
37%
96 Dodrio Normal/Flying
36%
95 Doduo Normal/Flying
36%
168 Wobbuffet Psychic
36%
178 Rhyperior Ground/Rock
34%
157 Chingling Psychic
31%
189 Corsola Water/Rock
31%
172 Phanpy Ground
28%
173 Donphan Ground
27%
No matching quizzes found
Score Distribution
Percent of People with Each Score
Percentile by Number Answered
Your Score History
You have not taken this quiz